<?xml version="1.0" encoding="UTF-8"?>
<record
    xmlns:xsi="http://www.w3.org/2001/XMLSchema-instance"
    xsi:schemaLocation="http://www.loc.gov/MARC21/slim http://www.loc.gov/standards/marcxml/schema/MARC21slim.xsd"
    xmlns="http://www.loc.gov/MARC21/slim">

  <leader>00712nam a22002177a 4500</leader>
  <controlfield tag="003">UA-OsUOA</controlfield>
  <controlfield tag="001"> 39671 </controlfield>
  <controlfield tag="007">ta</controlfield>
  <controlfield tag="008">20080516b un ||||| |||| 00| 0 ukr d</controlfield>
  <datafield tag="090" ind1=" " ind2=" ">
    <subfield code="a">082</subfield>
    <subfield code="b">&#x423;45</subfield>
  </datafield>
  <datafield tag="942" ind1=" " ind2=" ">
    <subfield code="c">BK</subfield>
  </datafield>
  <datafield tag="040" ind1=" " ind2=" ">
    <subfield code="a">UA-OsUOA</subfield>
    <subfield code="b">ukr</subfield>
    <subfield code="c">UA-OsUOA</subfield>
    <subfield code="d">UA-OsUOA</subfield>
  </datafield>
  <datafield tag="245" ind1=" " ind2=" ">
    <subfield code="a">&#x423;&#x43A;&#x440;&#x430;&#x457;&#x43D;&#x430; &#x425;&#x425; &#x441;&#x442;.: &#x43A;&#x443;&#x43B;&#x44C;&#x442;&#x443;&#x440;&#x430;, &#x456;&#x434;&#x435;&#x43E;&#x43B;&#x43E;&#x433;&#x456;&#x44F;, &#x43F;&#x43E;&#x43B;&#x456;&#x442;&#x438;&#x43A;&#x430;</subfield>
    <subfield code="b">&#x417;&#x431;&#x456;&#x440;&#x43D;&#x438;&#x43A; &#x43D;&#x430;&#x443;&#x43A;&#x43E;&#x432;&#x438;&#x445; &#x441;&#x442;&#x430;&#x442;&#x435;&#x439; &#x43D;&#x430; &#x43F;&#x43E;&#x448;&#x430;&#x43D;&#x443; &#x43F;&#x440;&#x43E;&#x444;. &#x41F;.&#x41F;. &#x413;&#x443;&#x434;&#x437;&#x435;&#x43D;&#x43A;&#x430;</subfield>
    <subfield code="c">&#x412;&#x438;&#x43F;. 12</subfield>
  </datafield>
  <datafield tag="300" ind1=" " ind2=" ">
    <subfield code="a">502 &#x441;.</subfield>
  </datafield>
  <datafield tag="955" ind1=" " ind2=" ">
    <subfield code="a">1</subfield>
  </datafield>
  <datafield tag="041" ind1=" " ind2=" ">
    <subfield code="a">ukr</subfield>
  </datafield>
  <datafield tag="080" ind1=" " ind2=" ">
    <subfield code="a">082</subfield>
  </datafield>
  <datafield tag="260" ind1=" " ind2=" ">
    <subfield code="a">&#x41A;.</subfield>
    <subfield code="b">&#x406;&#x43D;&#x441;&#x442;&#x438;&#x442;&#x443;&#x442; &#x456;&#x441;&#x442;&#x43E;&#x440;&#x456;&#x457; &#x423;&#x43A;&#x440;&#x430;&#x457;&#x43D;&#x438;</subfield>
    <subfield code="c">2007</subfield>
  </datafield>
  <datafield tag="650" ind1=" " ind2="7">
    <subfield code="a">08 &#x412;&#x438;&#x434;&#x430;&#x43D;&#x43D;&#x44F;. &#x41A;&#x43E;&#x43B;&#x435;&#x43A;&#x442;&#x438;&#x432;&#x43D;&#x456; &#x43F;&#x440;&#x430;&#x446;&#x456;</subfield>
    <subfield code="2">UDC</subfield>
  </datafield>
  <datafield tag="999" ind1=" " ind2=" ">
    <subfield code="c">438180</subfield>
    <subfield code="d">438180</subfield>
  </datafield>
  <datafield tag="952" ind1=" " ind2=" ">
    <subfield code="0">0</subfield>
    <subfield code="1">0</subfield>
    <subfield code="2">udc</subfield>
    <subfield code="4">0</subfield>
    <subfield code="7">0</subfield>
    <subfield code="a">300</subfield>
    <subfield code="b">300</subfield>
    <subfield code="d">2008-05-16</subfield>
    <subfield code="e">181/2008</subfield>
    <subfield code="g">1.00</subfield>
    <subfield code="i">2128177</subfield>
    <subfield code="l">0</subfield>
    <subfield code="o">082 &#x423;45</subfield>
    <subfield code="p">2128177</subfield>
    <subfield code="r">2019-09-15 00:00:00</subfield>
    <subfield code="w">2008-05-16</subfield>
    <subfield code="y">BK</subfield>
  </datafield>
</record>
